Capitals of South America Quiz Stats

 Plays Quiz Updated Jul 11, 2013

Support Sporcle.
Go Orange.
Score 0/12 Timer 04:00
70 Plays Today
Capital % Correct
Brasília,
Brazil
93.6%
Lima,
Peru
93.5%
Buenos Aires,
Argentina
92.3%
Santiago,
Chile
90.4%
Bogotá,
Colombia
86.4%
Caracas,
Venezuela
85.2%
Montevideo,
Uruguay
84.5%
La Paz,
Bolivia
84.2%
Quito,
Ecuador
83.4%
Georgetown,
Guyana
73%
Asunción,
Paraguay
72.3%
Paramaribo,
Suriname
60.5%

You're not logged in!

Compare scores with friends on all Sporcle quizzes.
OR
Log In

From the Vault

'G' & 'H' Albums by 3 Singles

by ghcgh

Sometimes we do just G or just H. But they put in a request to be grouped together.
Remove Ads.
Support Sporcle.
Get the best of Sporcle when you Go Orange. This ad-free experience offers more features, more stats, and more fun while also helping to support Sporcle. Thank you for becoming a member.

Show Comments

Extras

Top Quizzes Today


Score Distribution

Your Account Isn't Verified!

In order to create a playlist on Sporcle, you need to verify the email address you used during registration. Go to your Sporcle Settings to finish the process.

Report this User

Report this user for behavior that violates our Community Guidelines.

Details: